| 000 | 00619nam a2200169 i 4500 | ||
|---|---|---|---|
| 001 | 81895 | ||
| 003 | ES-MaACL | ||
| 005 | 20230906174531.0 | ||
| 007 | t| | ||
| 008 | 041108s1915 sp ||||1| spa d | ||
| 110 | 0 |
_aInstituto General y Técnico de Vitoria. _95069 |
|
| 245 | 1 | 0 |
_aInstituto General y Técnico de Vitoria _b: memoria del curso del 1913 á 1914 / _cEnrique Iglesias y Ejarque. |
| 260 |
_aVitoria : _b[s.n., _c1915] ( _fEst. Tip. de Domingo Sar) |
||
| 610 | 2 | 4 |
_aInstituto General y Técnico de Vitoria- _vMemorias. _9150702 |
| 700 | 0 |
_aIglesias y Ejarque, Enrique. _965144 |
|
| 852 |
_aES-MaACL _jT-1454-F-10 |
||
| 999 |
_c81895 _d81895 |
||